La Fiesta del Chivo

Enregistré dans:
Détails bibliographiques
Auteur principal: Vargas Llosa, Mario
Format: Livre
Langue:Undetermined
Publié: México, Distrito Federal Alfaguara 2000
Sujets:
Tags: Ajouter un tag
Pas de tags, Soyez le premier à ajouter un tag!

MARC

LEADER 00000nam a2200000Ia 4500
008 170316s9999 xx 000 0 und d
040 |a cru BVZT 
090 |a 860 V-7f 
100 |a Vargas Llosa, Mario 
245 |a La Fiesta del Chivo 
260 |a México, Distrito Federal 
260 |b Alfaguara 
260 |c 2000 
300 |a 518 páginas 
650 |a LITERATURA LATINOAMERICANA 
650 |a NOVELA 
999 |c 9322  |d 9322 
942 |c 15 D  |h 860 V-7f  |2 z